[Event "SG Turm Raesfeld/Erle 1 - SV Hemer 1"]
[Site "NRW-Klasse - Gruppe 2 2021/20"]
[Date "2022.06.12"]
[Round "5.8"]
[White "Tuente, Marcel"]
[Black "Jagodzinsky, Lukas"]
[Result "1-0"]
[WhiteElo "1845"]
[BlackElo "1223"]
[PlyCount "51"]
[EventDate "2022.??.??"]
[SourceVersionDate "2020.03.16"]
[WhiteTeam "SG Turm Raesfeld/Erle 1"]
[BlackTeam "SV Hemer 1"]

1. e4 e6 2. d4 d5 3. e5 c5 4. c3 Nc6 5. Nf3 Qb6 6. Bd3 Bd7 7. O-O cxd4 8. Re1
dxc3 9. Nxc3 Bb4 10. a3 Bxc3 11. bxc3 Nge7 12. h4 Qc5 13. Qc2 h6 14. Rb1 Rb8
15. Rb5 Nd4 16. Nxd4 Bxb5 17. Nxb5 Nc8 18. a4 a6 19. Ba3 Qc6 20. Rb1 Qd7 21.
Qb3 Qd8 22. Nd6+ Nxd6 23. Bxd6 Rc8 24. Qxb7 Rxc3 25. Bxa6 f6 26. Bb5+ 1-0

[Event "SV Wattenscheid 2 - SV Horst-Emscher 1"]
[Site "NRW-Klasse - Gruppe 2 2021/20"]
[Date "2022.06.12"]
[Round "5.1"]
[White "Baerwolf, Steven"]
[Black "Schroeder, Wilfried"]
[Result "1/2-1/2"]
[WhiteElo "2266"]
[BlackElo "2144"]
[PlyCount "113"]
[EventDate "2022.??.??"]
[SourceVersionDate "2020.03.16"]
[WhiteTeam "SV Horst-Emscher 1"]
[BlackTeam "SV Wattenscheid 2"]

1. e4 c6 2. d4 d5 3. f3 Qb6 4. Nc3 dxe4 5. fxe4 e5 6. Nf3 exd4 7. Qxd4 Nf6 8.
Qxb6 axb6 9. e5 Ng8 10. Be3 Bb4 11. Bd3 Ne7 12. O-O Bxc3 13. bxc3 Nd5 14. Bd2
h6 15. c4 Nc7 16. Nd4 O-O 17. Be3 Be6 18. Nxe6 Nxe6 19. Bxb6 Nd7 20. Bf2 Nxe5
21. Rab1 Rfd8 22. Rxb7 Nxd3 23. cxd3 Rxd3 24. Rb2 Rc3 25. c5 Nxc5 26. Bd4 Rc4
27. Bxc5 Rxc5 28. h3 f5 29. Rd1 Ra7 30. Rd6 Kf7 31. Rb6 Rc1+ 32. Kh2 Rc7 33. a4
Ra1 34. Rdxc6 Rxc6 35. Rxc6 Rxa4 36. Kg3 Re4 37. Kf3 Re6 38. Rc3 g5 39. Ra3 Kg6
40. g3 Rf6 41. Ra4 Kh5 42. Rb4 Ra6 43. Rb3 Ra4 44. Rc3 g4+ 45. hxg4+ Rxg4 46.
Ra3 Rb4 47. Rc3 Kg5 48. Ra3 h5 49. Rc3 h4 50. gxh4+ Rxh4 51. Rc8 Rf4+ 52. Kg3
Re4 53. Rg8+ Kf6 54. Ra8 Ke5 55. Ra5+ Kf6 56. Ra8 Kg5 57. Rg8+ 1/2-1/2

[Event "SV Wattenscheid 2 - SV Horst-Emscher 1"]
[Site "NRW-Klasse - Gruppe 2 2021/20"]
[Date "2022.06.12"]
[Round "5.2"]
[White "Peter, Thomas"]
[Black "Rebentisch, Tom"]
[Result "0-1"]
[WhiteElo "2128"]
[BlackElo "2161"]
[PlyCount "126"]
[EventDate "2022.??.??"]
[SourceVersionDate "2020.03.16"]
[WhiteTeam "SV Wattenscheid 2"]
[BlackTeam "SV Horst-Emscher 1"]

1. e4 e5 2. Nf3 Nc6 3. Bb5 a6 4. Bxc6 dxc6 5. O-O f6 6. d4 exd4 7. Qxd4 Qxd4 8.
Nxd4 Bd7 9. Be3 O-O-O 10. Nd2 Ne7 11. Rfd1 c5 12. N4b3 b6 13. a4 a5 14. Nb1 Ng6
15. Nc3 Be7 16. Nd5 Be6 17. c4 Rhe8 18. f3 Bf8 19. Bf2 Kb7 20. Bg3 Bd6 21. Nd2
c6 22. Ne3 Nf4 23. Ndf1 Ne2+ 24. Kf2 Nxg3 25. Nxg3 Be5 26. Ngf5 Bxf5 27. Nxf5
g6 28. Ne3 Bxb2 29. Rab1 Bd4 30. Rd3 f5 31. exf5 gxf5 32. f4 Bxe3+ 33. Rxe3
Rd2+ 34. Ke1 Rxe3+ 35. Kxd2 Re4 36. Kd3 Rxf4 37. Re1 b5 38. axb5 cxb5 39. cxb5
Kb6 40. g3 Rf2 41. Kc4 Rc2+ 42. Kd5 Rxh2 43. Kc4 Rc2+ 44. Kb3 Rd2 45. Kc3 Rd4
46. Rf1 Rg4 47. Rxf5 Rxg3+ 48. Kc4 Rg4+ 49. Kc3 Kxb5 50. Rh5 Rg3+ 51. Kb2 Rg7
52. Ka3 Rg3+ 53. Kb2 Kb4 54. Rxh7 Rg2+ 55. Kb1 c4 56. Rb7+ Kc3 57. Rh7 Rg1+ 58.
Ka2 Kc2 59. Rh2+ Kc1 60. Rh3 Rg2+ 61. Ka1 Kc2 62. Rh7 c3 63. Rc7 Rg4 0-1

[Event "SV Wattenscheid 2 - SV Horst-Emscher 1"]
[Site "NRW-Klasse - Gruppe 2 2021/20"]
[Date "2022.06.12"]
[Round "5.3"]
[White "de Roda Husman, Juan"]
[Black "Schlehoefer, Ralf"]
[Result "1/2-1/2"]
[WhiteElo "2241"]
[BlackElo "2147"]
[PlyCount "103"]
[EventDate "2022.??.??"]
[SourceVersionDate "2020.03.16"]
[WhiteTeam "SV Horst-Emscher 1"]
[BlackTeam "SV Wattenscheid 2"]

1. e4 e5 2. Nf3 Nc6 3. Bb5 Bc5 4. O-O Nd4 5. Nxd4 Bxd4 6. c3 Bb6 7. d4 c6 8.
Ba4 d6 9. Re1 Qh4 10. Be3 Nf6 11. f3 O-O 12. Qd2 Rd8 13. Bb3 h6 14. Bf2 Qh5 15.
Na3 d5 16. exd5 exd4 17. Bxd4 Bxd4+ 18. Qxd4 cxd5 19. Re5 g5 20. Bc2 Bd7 21.
Rae1 Qh4 22. Qxh4 gxh4 23. Bb3 h3 24. g4 d4 25. cxd4 Be8 26. Nc2 a5 27. a4 Kf8
28. Kf2 Ra6 29. Kg3 Rb6 30. R1e3 Bc6 31. Rxa5 Nd5 32. Bxd5 Bxd5 33. b4 h5 34.
Kh4 hxg4 35. fxg4 Rf6 36. Ne1 Rf4 37. Kg3 Rxd4 38. Rd3 Be6 39. Rxd4 Rxd4 40.
Rb5 Rxg4+ 41. Kf2 Bd7 42. Rxb7 Bxa4 43. Rb8+ Ke7 44. Nf3 f6 45. Ke3 Bc6 46. Nd4
Bd5 47. Rh8 Rg1 48. b5 Ra1 49. Kd3 Ra3+ 50. Kc2 Kd6 51. Kb2 Rd3 52. Rd8+
1/2-1/2

[Event "SV Wattenscheid 2 - SV Horst-Emscher 1"]
[Site "NRW-Klasse - Gruppe 2 2021/20"]
[Date "2022.06.12"]
[Round "5.4"]
[White "Koehn, Peter"]
[Black "de Mie, Mariska"]
[Result "1-0"]
[WhiteElo "2128"]
[BlackElo "2119"]
[PlyCount "99"]
[EventDate "2022.??.??"]
[SourceVersionDate "2020.03.16"]
[WhiteTeam "SV Wattenscheid 2"]
[BlackTeam "SV Horst-Emscher 1"]

1. d4 d6 2. c4 e5 3. dxe5 dxe5 4. Qxd8+ Kxd8 5. Nf3 f6 6. Nc3 Be6 7. e3 c6 8.
Bd2 Nd7 9. Ne4 a5 10. O-O-O Kc7 11. Bc3 Nc5 12. Nxc5 Bxc5 13. Nd2 Bb4 14. Kc2
Nh6 15. Bd3 Nf7 16. a3 Bxc3 17. Kxc3 b6 18. Ne4 f5 19. Ng3 e4 20. Be2 Nd6 21.
b3 Rhf8 22. Nh5 g5 23. h4 h6 24. hxg5 hxg5 25. Ng7 Bd7 26. Rh6 Rg8 27. Nh5 Ne8
28. Rh7 Rd8 29. Kd4 Nd6 30. c5 bxc5+ 31. Kxc5 Nb7+ 32. Kd4 Rh8 33. Rg7 Rhg8 34.
Ke5 Rxg7 35. Nxg7 Rf8 36. Bc4 Nd8 37. Rh1 Nf7+ 38. Kf6 Nd6+ 39. Ke7 Rd8 40. Be6
Nc8+ 41. Kf6 f4 42. Rd1 fxe3 43. fxe3 Rf8+ 44. Kxg5 Nd6 45. g4 Be8 46. Nf5 Nb5
47. a4 Nc3 48. Rd4 Kb6 49. Rc4 Nd5 50. Rxe4 1-0

[Event "SV Wattenscheid 2 - SV Horst-Emscher 1"]
[Site "NRW-Klasse - Gruppe 2 2021/20"]
[Date "2022.06.12"]
[Round "5.5"]
[White "Weichert, Eddy"]
[Black "Lang, Daniel"]
[Result "1/2-1/2"]
[WhiteElo "1961"]
[BlackElo "2114"]
[PlyCount "76"]
[EventDate "2022.??.??"]
[SourceVersionDate "2020.03.16"]
[WhiteTeam "SV Horst-Emscher 1"]
[BlackTeam "SV Wattenscheid 2"]

1. e4 c6 2. d4 d5 3. e5 a6 4. Nf3 Bg4 5. Be2 e6 6. O-O c5 7. c3 Nc6 8. Nbd2
cxd4 9. Nxd4 Bxe2 10. Qxe2 Nge7 11. N2b3 Nxd4 12. Nxd4 Nc6 13. Nxc6 bxc6 14.
Qg4 h6 15. h4 h5 16. Qg3 g6 17. Bg5 Be7 18. Bxe7 Qxe7 19. Rfd1 O-O 20. b4 c5
21. a3 Rfc8 22. Rac1 Rc6 23. Qf4 Rac8 24. g3 Qc7 25. Ra1 cxb4 26. axb4 Rxc3 27.
Rxa6 Rc4 28. Qf6 Re4 29. b5 Qxe5 30. Qxe5 Rxe5 31. Rc6 Rb8 32. b6 Kg7 33. Rb1
d4 34. b7 d3 35. Rd6 Rd5 36. Rxd5 exd5 37. Rb5 d2 38. Rxd5 d1=Q+ 1/2-1/2

[Event "SV Wattenscheid 2 - SV Horst-Emscher 1"]
[Site "NRW-Klasse - Gruppe 2 2021/20"]
[Date "2022.06.12"]
[Round "5.6"]
[White "Gohla, Ulf"]
[Black "Arndt, Olaf"]
[Result "1/2-1/2"]
[WhiteElo "2086"]
[BlackElo "1862"]
[PlyCount "91"]
[EventDate "2022.??.??"]
[SourceVersionDate "2020.03.16"]
[WhiteTeam "SV Wattenscheid 2"]
[BlackTeam "SV Horst-Emscher 1"]

1. d4 e6 2. c4 f5 3. g3 d5 4. Bg2 c6 5. Nf3 Nf6 6. O-O Nbd7 7. Qc2 Ne4 8. Nc3
Be7 9. cxd5 exd5 10. Ne5 O-O 11. f3 Nxc3 12. Qxc3 Qb6 13. Kh1 Nf6 14. a3 Be6
15. b4 a5 16. Bd2 axb4 17. axb4 Qb5 18. Rfb1 Nd7 19. Bf1 Qb6 20. e3 Rfc8 21.
Bd3 Bd6 22. g4 Bxe5 23. dxe5 fxg4 24. f4 d4 25. Qxd4 Bd5+ 26. Kg1 Qxd4 27. exd4
Nb6 28. Bf5 Rf8 29. Bxg4 Nc4 30. Bc1 g6 31. Be2 b5 32. Bd3 Kf7 33. Kf2 Ke6 34.
Kg3 Ra4 35. Rxa4 bxa4 36. b5 Rb8 37. Bxc4 Bxc4 38. b6 Bb5 39. Ba3 Rxb6 40. Kf2
Rb7 41. Rb4 Rf7 42. Ke3 Kd5 43. Rb2 Rb7 44. Rb4 Rf7 45. Rb2 Rb7 46. Rb4 1/2-1/2

[Event "SV Wattenscheid 2 - SV Horst-Emscher 1"]
[Site "NRW-Klasse - Gruppe 2 2021/20"]
[Date "2022.06.12"]
[Round "5.8"]
[White "Schwebel, Markus"]
[Black "Verfuerth, Christian"]
[Result "1/2-1/2"]
[WhiteElo "1970"]
[BlackElo "1824"]
[PlyCount "72"]
[EventDate "2022.??.??"]
[SourceVersionDate "2020.03.16"]
[WhiteTeam "SV Wattenscheid 2"]
[BlackTeam "SV Horst-Emscher 1"]

1. e4 e6 2. d4 d5 3. e5 c5 4. c3 Nc6 5. Nf3 Qb6 6. Bd3 cxd4 7. cxd4 Bd7 8. Nc3
Nxd4 9. Nxd4 Qxd4 10. O-O a6 11. Qe2 Ne7 12. Rd1 Nc6 13. Bxa6 Qxe5 14. Bxb7
Qxe2 15. Nxe2 Ra7 16. Bxc6 Bxc6 17. Be3 Rb7 18. Rdc1 Bd7 19. a4 Bd6 20. a5 O-O
21. Bb6 Ra8 22. Nd4 e5 23. Nb3 d4 24. Nc5 Bxc5 25. Bxc5 Rxb2 26. a6 d3 27. a7
Rc2 28. Rab1 Rxc1+ 29. Rxc1 f6 30. f3 Bc6 31. Kf2 Rd8 32. Be3 d2 33. Rd1 Rd7
34. Rxd2 Rxd2+ 35. Bxd2 Kf7 36. Ke3 Ke6 1/2-1/2

[Event "SG Ennepe-Ruhr-Süd 1 - SK Sodingen/Cas"]
[Site "NRW-Klasse - Gruppe 2 2021/20"]
[Date "2022.06.12"]
[Round "5.1"]
[White "Boehnke, Martin"]
[Black "Arndt, Stefan"]
[Result "1/2-1/2"]
[WhiteElo "2142"]
[BlackElo "2116"]
[PlyCount "20"]
[EventDate "2022.??.??"]
[SourceVersionDate "2020.03.16"]
[WhiteTeam "SK Sodingen/Castrop 1"]
[BlackTeam "SG Ennepe-Ruhr-Süd 1"]

1. d4 d5 2. c4 e6 3. Nf3 Nf6 4. g3 Be7 5. Bg2 O-O 6. O-O c6 7. Qc2 b6 8. Nbd2
Bb7 9. e4 Na6 10. e5 Nd7 1/2-1/2

[Event "SG Ennepe-Ruhr-Süd 1 - SK Sodingen/Cas"]
[Site "NRW-Klasse - Gruppe 2 2021/20"]
[Date "2022.06.12"]
[Round "5.3"]
[White "Werrn, Pascal"]
[Black "Arakelian, Aik"]
[Result "1/2-1/2"]
[WhiteElo "2075"]
[BlackElo "2075"]
[PlyCount "40"]
[EventDate "2022.??.??"]
[SourceVersionDate "2020.03.16"]
[WhiteTeam "SK Sodingen/Castrop 1"]
[BlackTeam "SG Ennepe-Ruhr-Süd 1"]

1. d4 Nf6 2. Nf3 c5 3. c3 cxd4 4. cxd4 d5 5. Nc3 Nc6 6. Bf4 Bf5 7. e3 e6 8. a3
a6 9. Bd3 Bg6 10. O-O Bd6 11. Bg3 O-O 12. Qe2 Rc8 13. Rfd1 Qe7 14. Rac1 Rfd8
15. Bxg6 hxg6 16. Bxd6 Qxd6 17. g3 b5 18. b4 Qe7 19. Nb1 Ne4 20. Nbd2 Nxd2
1/2-1/2

[Event "SG Ennepe-Ruhr-Süd 1 - SK Sodingen/Cas"]
[Site "NRW-Klasse - Gruppe 2 2021/20"]
[Date "2022.06.12"]
[Round "5.8"]
[White "Liesendahl, Felix"]
[Black "Rohovoy, Dmitrij"]
[Result "1/2-1/2"]
[WhiteElo "1680"]
[BlackElo "1936"]
[PlyCount "30"]
[EventDate "2022.??.??"]
[SourceVersionDate "2020.03.16"]
[WhiteTeam "SG Ennepe-Ruhr-Süd 1"]
[BlackTeam "SK Sodingen/Castrop 1"]

1. e4 c5 2. c3 d5 3. exd5 Qxd5 4. Nf3 Nf6 5. d4 e6 6. Be3 Nc6 7. Na3 cxd4 8.
Nxd4 Nxd4 9. Qxd4 Qxd4 10. cxd4 Bb4+ 11. Bd2 Bxa3 12. bxa3 O-O 13. Be2 Bd7 14.
Rc1 Bc6 15. O-O Rfd8 1/2-1/2

[Event "SK Münster 2 - SG Bochum 2"]
[Site "NRW-Klasse - Gruppe 2 2021/20"]
[Date "2022.06.12"]
[Round "5.1"]
[White "Wuebker, Paul-Luca"]
[Black "Wichtrup, Jan-Louis"]
[Result "0-1"]
[WhiteElo "2174"]
[BlackElo "2138"]
[PlyCount "156"]
[EventDate "2022.??.??"]
[SourceVersionDate "2020.03.16"]
[WhiteTeam "SG Bochum 2"]
[BlackTeam "SK Münster 2"]

1. d4 Nf6 2. c4 e6 3. Nf3 d5 4. Nc3 c5 5. e3 Nc6 6. a3 dxc4 7. Bxc4 a6 8. O-O
b5 9. Ba2 Bb7 10. dxc5 Bxc5 11. b4 Bd6 12. Bb2 O-O 13. Qe2 Ne5 14. Nxe5 Bxe5
15. f4 Bb8 16. Rfd1 Qe7 17. e4 Ba7+ 18. Kh1 h5 19. Rd3 Rfd8 20. Rh3 g6 21. Rg3
Ng4 22. Rxg4 hxg4 23. Qxg4 Rd2 24. Bc1 Rxa2 25. Nxa2 Bxe4 26. Bb2 Bf5 27. Qf3
Rd8 28. Rd1 Be4 29. Qe2 Bc6 30. Nc1 Bb6 31. Nd3 Qd6 32. Be5 Qd5 33. Nb2 Qe4 34.
Rxd8+ Bxd8 35. Qxe4 Bxe4 36. Nd1 f6 37. Bd4 Kf7 38. Nc3 Bc6 39. Kg1 Bc7 40. g3
a5 41. bxa5 Bxa5 42. Kf2 Bc7 43. Bc5 e5 44. Ke3 exf4+ 45. gxf4 Ke6 46. Ne2 Kd5
47. Be7 f5 48. Kd3 Ke6 49. Nd4+ Kd7 50. Ke3 Bb6 51. Bb4 Be4 52. Bf8 Bb1 53. Bb4
g5 54. fxg5 f4+ 55. Kxf4 Bxd4 56. h4 Ke6 57. h5 Bb2 58. g6 Kf6 59. Bf8 Bc2 60.
Kg4 Bc3 61. Kf3 Bd1+ 62. Ke4 Bxh5 63. g7 Kf7 64. Kd3 Ba5 65. Kc2 Bg4 66. Kc1
Be6 67. Kb2 Kf6 68. Kc2 Ke5 69. Be7 Kd4 70. Bf6+ Kc4 71. Kb2 Bb6 72. Kc2 Bd4
73. Bxd4 Kxd4 74. Kd2 Kc4 75. Kc2 Bg8 76. Kb2 Bh7 77. Ka2 Kc3 78. a4 b4 0-1

[Event "SK Münster 2 - SG Bochum 2"]
[Site "NRW-Klasse - Gruppe 2 2021/20"]
[Date "2022.06.12"]
[Round "5.3"]
[White "Mazarov, Juergen"]
[Black "Schroeder, Lennart"]
[Result "1/2-1/2"]
[WhiteElo "2046"]
[BlackElo "2029"]
[PlyCount "57"]
[EventDate "2022.??.??"]
[SourceVersionDate "2020.03.16"]
[WhiteTeam "SG Bochum 2"]
[BlackTeam "SK Münster 2"]

1. Nf3 Nf6 2. g3 g6 3. Bg2 Bg7 4. O-O O-O 5. d3 c5 6. e4 Nc6 7. c3 d6 8. h3 c4
9. Be3 Qc7 10. Na3 cxd3 11. Qxd3 a6 12. Nd4 Bd7 13. f4 Rac8 14. Rae1 b5 15. Kh2
Rfd8 16. Nac2 Nxd4 17. Bxd4 e5 18. Bg1 b4 19. Qxa6 Rb8 20. Nxb4 Bb5 21. Qa3 Ra8
22. Qb3 Ba4 23. Nd5 Bxb3 24. Nxc7 Rxa2 25. Rf2 exf4 26. gxf4 Nh5 27. Nd5 Bxd5
28. exd5 Bh6 29. Ref1 1/2-1/2

[Event "SK Münster 2 - SG Bochum 2"]
[Site "NRW-Klasse - Gruppe 2 2021/20"]
[Date "2022.06.12"]
[Round "5.4"]
[White "Toval, David"]
[Black "Rempe, Moritz"]
[Result "1-0"]
[WhiteElo "1859"]
[BlackElo "2037"]
[PlyCount "69"]
[EventDate "2022.??.??"]
[SourceVersionDate "2020.03.16"]
[WhiteTeam "SK Münster 2"]
[BlackTeam "SG Bochum 2"]

1. e4 e6 2. d4 d5 3. Nd2 Nf6 4. e5 Nfd7 5. Bd3 c5 6. c3 Nc6 7. Ne2 Qb6 8. Nf3
cxd4 9. cxd4 f6 10. Nf4 Bb4+ 11. Kf1 Ke7 12. a3 Ba5 13. exf6+ Nxf6 14. b4 Nxb4
15. axb4 Bxb4 16. Qb3 Qd6 17. Ne5 Bd7 18. Ba3 Bxa3 19. Qxa3 Qxa3 20. Rxa3 Rhc8
21. Ke2 Rc7 22. Kd2 g6 23. h4 a6 24. h5 g5 25. Nh3 g4 26. Ng5 h6 27. Ngf7 Ng8
28. Bh7 Nf6 29. Bg6 b5 30. Nxh6 b4 31. Rb3 a5 32. Nhxg4 Be8 33. Nxf6 Kxf6 34.
Rf3+ Ke7 35. h6 1-0

[Event "SK Münster 2 - SG Bochum 2"]
[Site "NRW-Klasse - Gruppe 2 2021/20"]
[Date "2022.06.12"]
[Round "5.5"]
[White "Klugstedt, Vincent"]
[Black "Kubo, Thomas"]
[Result "0-1"]
[WhiteElo "1813"]
[BlackElo "1965"]
[PlyCount "62"]
[EventDate "2022.??.??"]
[SourceVersionDate "2020.03.16"]
[WhiteTeam "SG Bochum 2"]
[BlackTeam "SK Münster 2"]

1. Nf3 c5 2. c4 Nc6 3. Nc3 g6 4. g3 Bg7 5. Bg2 e6 6. e4 Nge7 7. O-O O-O 8. d3
d6 9. Be3 Nd4 10. Qd2 Re8 11. Bh6 Bh8 12. Nxd4 Bxd4 13. Kh1 a6 14. f4 Rb8 15.
Ne2 Bh8 16. Rae1 b5 17. b3 Bb7 18. g4 f5 19. Ng3 Qd7 20. Bf3 fxg4 21. Bxg4 bxc4
22. dxc4 Nf5 23. Bg5 h6 24. Bxf5 exf5 25. Bxh6 fxe4 26. Qc2 e3+ 27. Kg1 Kh7 28.
Bg5 e2 29. Rxe2 Bd4+ 30. Ref2 Qh3 31. a3 Qg2# 0-1

[Event "SK Münster 2 - SG Bochum 2"]
[Site "NRW-Klasse - Gruppe 2 2021/20"]
[Date "2022.06.12"]
[Round "5.6"]
[White "Vogenauer, Nikolas"]
[Black "Fistoul, Michail"]
[Result "0-1"]
[WhiteElo "1927"]
[BlackElo "1932"]
[PlyCount "88"]
[EventDate "2022.??.??"]
[SourceVersionDate "2020.03.16"]
[WhiteTeam "SK Münster 2"]
[BlackTeam "SG Bochum 2"]

1. d4 e6 2. c4 f5 3. Nf3 Nf6 4. g3 d5 5. Bg2 c6 6. b3 Bd6 7. O-O O-O 8. Ba3 Qe7
9. Bxd6 Qxd6 10. Nc3 Nbd7 11. Rc1 Ne4 12. Qd3 g5 13. Nd2 Nxd2 14. Qxd2 h6 15.
Rce1 Nf6 16. f3 Rd8 17. c5 Qe7 18. e4 dxe4 19. Qe3 e5 20. dxe5 Qxe5 21. f4 Qd4
22. Qxd4 Rxd4 23. Rd1 Rxd1 24. Rxd1 Be6 25. Ne2 Nd5 26. Nd4 Re8 27. Bh3 g4 28.
Bf1 Kf7 29. Bc4 Kf6 30. Rd2 Bf7 31. a4 e3 32. Rb2 Re4 33. Ne2 Nb4 34. Bxf7 Kxf7
35. Kf1 Nd5 36. Ke1 Ke6 37. a5 a6 38. Kd1 Kf6 39. Ke1 Rb4 40. Nc1 Rb5 41. Nd3
Rxa5 42. Ne5 Ra1+ 43. Ke2 Nc3+ 44. Kd3 e2 0-1

[Event "SK Münster 2 - SG Bochum 2"]
[Site "NRW-Klasse - Gruppe 2 2021/20"]
[Date "2022.06.12"]
[Round "5.7"]
[White "Butschek, Marc"]
[Black "Kvantaliani, Saba"]
[Result "0-1"]
[WhiteElo "2025"]
[BlackElo "1762"]
[PlyCount "74"]
[EventDate "2022.??.??"]
[SourceVersionDate "2020.03.16"]
[WhiteTeam "SG Bochum 2"]
[BlackTeam "SK Münster 2"]

1. e4 c5 2. c3 Nf6 3. e5 Nd5 4. d4 e6 5. Nf3 d6 6. exd6 Bxd6 7. Bc4 O-O 8. O-O
a5 9. Bg5 Qc7 10. dxc5 Qxc5 11. Bxd5 exd5 12. Nbd2 a4 13. Nd4 Nc6 14. N2f3 Bg4
15. Qd3 f6 16. Be3 Qc4 17. Qxc4 dxc4 18. Nd2 Nxd4 19. Bxd4 Be2 20. Rfe1 Rfe8
21. f3 f5 22. Kf2 Bd3 23. g3 g5 24. h4 gxh4 25. gxh4 Kf7 26. h5 Ra5 27. Rxe8
Kxe8 28. Rg1 Rb5 29. Rg8+ Kd7 30. Rg7+ Kc6 31. b4 axb3 32. axb3 cxb3 33. c4 Rb4
34. Bb2 f4 35. h6 Ra4 36. Nxb3 Ra2 37. Nd4+ Kb6 0-1

[Event "SK Münster 2 - SG Bochum 2"]
[Site "NRW-Klasse - Gruppe 2 2021/20"]
[Date "2022.06.12"]
[Round "5.8"]
[White "Meyer, Emil"]
[Black "Butschek, Gerhard"]
[Result "1-0"]
[WhiteElo "1774"]
[BlackElo "1660"]
[PlyCount "39"]
[EventDate "2022.??.??"]
[SourceVersionDate "2020.03.16"]
[WhiteTeam "SK Münster 2"]
[BlackTeam "SG Bochum 2"]

1. e4 b6 2. d4 e6 3. Nc3 Bb7 4. a3 a6 5. Nf3 Nf6 6. Bd3 Be7 7. h4 h6 8. Bf4 d6
9. e5 Nd5 10. Nxd5 Bxd5 11. c4 Bb7 12. h5 Nd7 13. Qe2 dxe5 14. Nxe5 Nf6 15.
Nxf7 Kxf7 16. Bg6+ Kf8 17. Qxe6 Qe8 18. Bxe8 Rxe8 19. O-O Bd6 20. Bxd6+ 1-0

[Event "SG Turm Raesfeld/Erle 1 - SK Münster 2"]
[Site "NRW-Klasse - Gruppe 2 2021/20"]
[Date "2022.03.27"]
[Round "7.1"]
[White "Kamp, Christoph"]
[Black "Greifenberg, Daniel"]
[Result "1/2-1/2"]
[WhiteElo "2210"]
[BlackElo "2124"]
[PlyCount "103"]
[EventDate "2022.??.??"]
[SourceVersionDate "2020.03.16"]
[WhiteTeam "SK Münster 2"]
[BlackTeam "SG Turm Raesfeld/Erle 1"]

1. c4 c6 2. e4 d5 3. cxd5 cxd5 4. exd5 Nf6 5. Qa4+ Nbd7 6. Nc3 g6 7. Nf3 Bg7 8.
Qb3 O-O 9. Bc4 Nc5 10. Qa3 b6 11. O-O Bb7 12. d4 Nce4 13. Re1 Nxc3 14. bxc3
Nxd5 15. Bg5 Qc8 16. Bxd5 Bxd5 17. Bxe7 Re8 18. Re3 Bh6 19. Bg5 Rxe3 20. Bxe3
Qg4 21. h3 Qh5 22. Bxh6 Qxh6 23. Qc1 Qxc1+ 24. Rxc1 Bxa2 25. Ne5 f6 26. Nc6 Bc4
27. d5 Kf7 28. Rd1 Ke8 29. Rd4 b5 30. Na5 Rc8 31. Nc6 a6 32. Re4+ Kd7 33. Re7+
Kd6 34. Ra7 Bxd5 35. Nb4 Rxc3 36. Rxa6+ Bc6 37. Ra7 Kc5 38. Nxc6 Rc1+ 39. Kh2
Kxc6 40. Rxh7 Kd5 41. Rb7 Rc5 42. Rb6 g5 43. Rxf6 b4 44. f4 Kc4 45. fxg5 Rxg5
46. h4 Rb5 47. Rf4+ Kd3 48. Rf3+ Kd2 49. Rf2+ Kd3 50. Rf3+ Kd2 51. Rf2+ Kd3 52.
Rf3+ 1/2-1/2

[Event "SG Turm Raesfeld/Erle 1 - SK Münster 2"]
[Site "NRW-Klasse - Gruppe 2 2021/20"]
[Date "2022.03.27"]
[Round "7.2"]
[White "Wilger, Frank"]
[Black "Wichtrup, Jan-Louis"]
[Result "0-1"]
[WhiteElo "2127"]
[BlackElo "2138"]
[PlyCount "82"]
[EventDate "2022.??.??"]
[SourceVersionDate "2020.03.16"]
[WhiteTeam "SG Turm Raesfeld/Erle 1"]
[BlackTeam "SK Münster 2"]

1. d4 d5 2. Nf3 Nf6 3. g3 e6 4. Bg2 Be7 5. O-O O-O 6. c4 dxc4 7. Ne5 Nc6 8.
Bxc6 bxc6 9. Nxc6 Qe8 10. Nxe7+ Qxe7 11. Qa4 e5 12. Bg5 exd4 13. Qxc4 h6 14.
Bxf6 Qxf6 15. Na3 Ba6 16. Qc2 Rfe8 17. Rfe1 Rxe2 18. Rxe2 d3 19. Qc3 Qxc3 20.
bxc3 dxe2 21. f3 Rd8 22. Re1 Rd2 23. c4 c6 24. Nb1 Rd1 25. Kf2 Bxc4 26. h4 Rxe1
27. Kxe1 Bxa2 28. Nd2 Bd5 29. Kxe2 Kf8 30. Kd3 Ke7 31. f4 Kd6 32. Kd4 c5+ 33.
Kd3 a5 34. Nb1 a4 35. Nc3 Bb3 36. Ne4+ Kd5 37. Nc3+ Ke6 38. g4 a3 39. Ne4 Kd5
40. Nd2 a2 41. Nxb3 c4+ 0-1

[Event "SG Turm Raesfeld/Erle 1 - SK Münster 2"]
[Site "NRW-Klasse - Gruppe 2 2021/20"]
[Date "2022.03.27"]
[Round "7.3"]
[White "Boesel, Alexander"]
[Black "Buendgen, Achim"]
[Result "1-0"]
[WhiteElo "2006"]
[BlackElo "2091"]
[PlyCount "65"]
[EventDate "2022.??.??"]
[SourceVersionDate "2020.03.16"]
[WhiteTeam "SK Münster 2"]
[BlackTeam "SG Turm Raesfeld/Erle 1"]

1. e4 e5 2. Nf3 Nc6 3. Bc4 Nf6 4. d3 h6 5. O-O d6 6. c3 g6 7. Re1 Bg7 8. d4 Qe7
9. Nbd2 O-O 10. dxe5 dxe5 11. b4 a6 12. a4 Rd8 13. Qb3 Bd7 14. h3 Nh5 15. Nf1
Qf6 16. Ne3 Ne7 17. Nh2 Kh7 18. Neg4 Bxg4 19. Nxg4 Qh4 20. Bxf7 Nf4 21. Be3 Rf8
22. Be6 Nxe6 23. Qxe6 Nc6 24. Rad1 Rae8 25. Qc4 h5 26. Nh2 Qf6 27. Nf3 Kh8 28.
Rd7 Re7 29. Rxe7 Qxe7 30. Bc5 Qf7 31. Qd5 Ne7 32. Qxf7 Rxf7 33. Ng5 1-0

[Event "SG Turm Raesfeld/Erle 1 - SK Münster 2"]
[Site "NRW-Klasse - Gruppe 2 2021/20"]
[Date "2022.03.27"]
[Round "7.4"]
[White "Gesing, Felix"]
[Black "Kamp, Adrian"]
[Result "1-0"]
[WhiteElo "2056"]
[BlackElo "2013"]
[PlyCount "75"]
[EventDate "2022.??.??"]
[SourceVersionDate "2020.03.16"]
[WhiteTeam "SG Turm Raesfeld/Erle 1"]
[BlackTeam "SK Münster 2"]

1. e4 c5 2. Nf3 Nc6 3. d3 g6 4. g3 Bg7 5. Bg2 d6 6. O-O e5 7. c3 Nge7 8. a3 O-O
9. b4 a6 10. bxc5 dxc5 11. Be3 Qd6 12. Qc2 f5 13. Nbd2 Be6 14. Ng5 b6 15. f4
Rad8 16. Rab1 Bf7 17. Nxf7 Rxf7 18. Rxb6 Qxd3 19. Qxd3 Rxd3 20. exf5 gxf5 21.
Bxc6 Rxe3 22. Ba4 Nd5 23. Rd6 Nxc3 24. Bb3 e4 25. Rd8+ Bf8 26. Bxf7+ Kxf7 27.
Nc4 Re2 28. Ne5+ Ke7 29. Rd7+ Ke8 30. Rxh7 Bd6 31. Rh5 Nd5 32. Nc4 Bc7 33. Rxf5
Ne3 34. Nxe3 Rxe3 35. Rxc5 Bb6 36. Re5+ Kf7 37. Kg2 Re2+ 38. Kh3 1-0

[Event "SG Turm Raesfeld/Erle 1 - SK Münster 2"]
[Site "NRW-Klasse - Gruppe 2 2021/20"]
[Date "2022.03.27"]
[Round "7.5"]
[White "Weidemann, Jakob"]
[Black "Hoffmann, Fabian"]
[Result "0-1"]
[WhiteElo "2055"]
[BlackElo "1970"]
[PlyCount "64"]
[EventDate "2022.??.??"]
[SourceVersionDate "2020.03.16"]
[WhiteTeam "SK Münster 2"]
[BlackTeam "SG Turm Raesfeld/Erle 1"]

1. e4 c6 2. d4 d5 3. e5 c5 4. dxc5 e6 5. a3 Bxc5 6. b4 Bb6 7. Bb2 Ne7 8. Bd3
Ng6 9. Nf3 Nc6 10. O-O O-O 11. g3 a5 12. b5 Nce7 13. c4 dxc4 14. Bxc4 Qc7 15.
Qe2 Nd5 16. Nc3 Nxc3 17. Bxc3 Bc5 18. h4 b6 19. Bd3 Bb7 20. Bb2 Rad8 21. Ng5 h6
22. Nxe6 fxe6 23. Bxg6 Rf3 24. Kh2 Rdf8 25. Rac1 Qe7 26. Rc2 R8f4 27. Rxc5 bxc5
28. Kg1 Rxh4 29. Re1 Qg5 30. Qc2 Rh1+ 31. Kxh1 Rxg3+ 32. Re4 Rh3# 0-1